Top 10 Tennis Grand Slam Women's Players in Open Era - Statistics

General Stats
  • This quiz has been taken 133 times
    102 since last reset
  • The average score is 9 of 10
Answer Stats
# Player Country Points % Correct
1 Serena Williams United States 237
99%
4 Steffi Graf Germany 202
99%
5 Venus Williams United States 142
99%
3 Martina Navrátilová Czechoslovakia, USA 224
96%
9 Maria Sharapova Russia 105
93%
7 Monica Seles Yugoslavia, USA 114
89%
2 Chris Evert United States 232
85%
6 Arantxa Sánchez Spain 120
74%
10 Lindsay Davenport United States 103
65%
8 Evonne Goolagong Australia 106
60%
No matching quizzes found
Score Distribution
Percent of People with Each Score
Percentile by Number Answered
Your Score History
You have not taken this quiz since the last reset